000 00838nam0a22002771 4500
001 v19\rc\1978976
005 20251118181152.6
035 _a(NLR Aleph) 005062378
090 _a7009718
_c7009718
100 _a20080623d1914 u y0rusy50 ca
101 0 _arus
102 _aRU
105 _aa z |||||
200 1 _aХимия стеклозаводчика
_fТехн.-хим. В. Оберг
210 _aСанкт-Петербург
_cжурн. "Стеклозаводчик"
_d1914
215 _a60 с.
_cчерт.
_d22
225 1 _aБиблиотека стеклоделия
_vВып. 1
700 1 _aОберг
_bВ.
801 0 _aRU
_bNLR
_gpsbo
801 0 _aRU
_bRuMoRGB
_2psbo
801 1 _aRU
_bProSoft-M
_2rusmarc
852 _aNLR
_j34.106.3.298
899 _aRuMoRGB
_jV 23/89
899 _aБАН
942 _cBOOK
980 _aNB